000 00657nam a2200205 a 4500
001 000012004
005 20240412074229.0
008 091103s1999 dr a r 001 0 spa d
040 _aDO-SdBNP
_bspa
_cBNPHU
082 _aRD861.44
_bC352u
100 1 _aCastillo, Luisa
_928407
245 1 0 _aUn verso para ti /
_cLuisa Castillo.
260 _aSanto Domingo :
_bCarlos,
_c[1999].
300 _a84 p. :
_bil. ;
_c22 cm.
500 _aIncluye datos biográficos del autora en la contracubierta
590 _aInventariado, 2018/BT
650 0 _aPoesía dominicana
_966
650 0 _aLiteratura dominicana.
_967
910 _aValidado. Control de calidad. MMOLINA
999 _c11672
_d11672